LEADER 01356nam a2200289 i 4500 001 000000035673 003 CaOOAMICUS 005 20080623000000.0 008 080623s1978 it u000 u ita u 013 $a4171 040 $aSeMil$bita 100 1 $aMura, Gaspare,$d<1937- >.$0(OLS)http://semarc/name/106 245 12$aI nuovi filosofi :$bla coscienza infelice del nostro tempo /$cG. Mura, A. Pieretti, G. [i.e. U.] Galeazzi ; [interviste con Jean-Marie Benoist ... et al.]. 260 $aRoma :$bCittà Nuova,$c1978. 300 $a310 p. ;$c19 cm. 490 0 $aIdee ;$v36 650 4$aNouveaux Philosophes - Filosofia - Francia - Sec. 20.$0(OLS)http://semarc/subject/6587 650 4$aFilosofia contemporanea.$0(OLS)http://semarc/subject/3676 700 1 $aBenoist, Jean-Marie.$0(OLS)http://semarc/name/16696 700 1 $aGaleazzi, Umberto <1942->.$0(OLS)http://semarc/name/16129 700 1 $aPieretti, Antonio <1940- >.$0(OLS)http://semarc/name/363 830 0$aIdee ;$v36.$0(OLS)http://semarc/title/6244 850 $aSeMil 852 $aSeMil$W1$xVenegono$y1$m2P I 525$j1828$B1828$CSeMilBibl$Z2$F1828 $81 961 $aOmaggio: Delpini mons. Mario 996 $6245$aI nuovi filosofi :$bla coscienza infelice del nostro tempo$9(OLS)http://semarc/title/49000 996 $6260$aRoma :$bCittà Nuova$9(OLS)http://semarc/publisher/29609 LEADER 00895nam a2200241 i 4500 001 000000052441 003 CaOOAMICUS 005 20250610102406.0 008 141113s1759 gw u000 u lat u 013 $a23613 026 $aE.ns n-us a-t. mead (3) 1759 (R) 040 $aSeMil$bita 245 10$a1. 300 $a[6], 646, [2] p. 500 $aFront. stampato rosso e nero 500 $aSegn.: pg4(-pg4) A-8A2 773 0 $aFagnani, Prospero <1587-1678>$tRepertorium, seu index generalis rerum ac verborum, in commentarios Prosperi Fagnani super quinque libros Decretalium ..$dColoniae Allobrogum : Sumptibus Fratrum De Tournes, 1759.$g1$w()27405 850 $aSeMil 852 $aSeMil$W1$xVenegono$y1$m2G VIII 10 FA$j18595$B18595$CSeMilBibl$Z2$F18597 $8I 941 1 $a10 961 $aRecupero: Mantegazza 996 $6245$a1$9(OLS)http://semarc/title/6508